00662 2200241 4500001002100000005001700021008004100038020001800079035002400097040001200121082001000133090001700143100002200160245006800182250001100250260003900261300002600300500003100326650002300357700001000380850001200390990001800402YOGYA-0513000000021420130507095044.0 ind  a979-798-024-3 0010-051300000000213 aYOPDYOG a649.1 a649.1bRam M aRAMIREZ. Laura M. aMengasuh anak dengan visicLaura M. Ramirez ; penyunting, Risqa aCet. 1 aJakartabBhuana Ilmu Populerc2004 axxxiv, 355 hlmc21 cm aBibliografi : hlm. 353-354 aOrang tua dan anak aRisqa aYOPDYOG a45683-PD/B.08